[Event "It (open)"]
[Site "masterchessopen.com – Bratislava (Slovakia)"]
[Round "4"]
[White "Hacik Radomir (SVK)"]
[Black "Sulek Viliam (SVK)"]
[Result "1-0"]
[WhiteElo "2158"]
[BlackElo "2135"]

1.e4 c5 2.Nf3 Nc6 3.d4 cxd4 4.Nxd4 Nf6 5.Nc3 d6 6.Be2 e5 7.Nf3 h6 8.O-O Be7
9.Re1 Be6 10.Bf1 O-O 11.Nd5 Bxd5 12.exd5 Nb8 13.g3 Nbd7 14.c4 a5 15.Nh4 Ne8
16.Nf5 Bg5 17.f4 exf4 18.gxf4 Bh4 19.Re3 Kh7 20.Qh5 Bf6 21.Bd3 Kg8 22.Nxh6+
gxh6 23.Qxh6 {#r} 1-0

[Event "It (cat.8)"]
[Site "masterchessopen.com – Budapest (Hungary)"]
[Round "12"]
[White "Glek Igor V (GER)"]
[Black "Hodjko Vjaceslav (RUS)"]
[Result "1-0"]
[WhiteElo "2580"]
[BlackElo "2385"]

1.e4 c5 2.Nf3 d6 3.d4 cxd4 4.Nxd4 Nf6 5.Nc3 Nc6 6.Be2 e5 7.Nf3 Be7 8.Bg5 Be6
9.O-O O-O 10.Bxf6 Bxf6 11.Nd5 Bxd5 12.Qxd5 Qb6 13.Rab1 Ne7 14.Qd3 Rad8 15.c4
a5 16.a3 Nc6 17.g3 g6 18.h4 Bg7 19.h5 Bh6 20.Kg2 Kg7 21.Rh1 f5 22.hxg6 hxg6
23.Rh2 Ne7 24.Rbh1 Ng8 25.exf5 Rxf5 26.g4 Rf4 27.g5 Bxg5 28.Rh7+ Kf6 29.Qd5
Rf8 30.Rd7 Rxf3 31.Bxf3 {#r} 1-0

[Event "Ch Germany (juniors) (under 20) (team)"]
[Site "masterchessopen.com – Erfurt (Germany)"]
[Round "2"]
[White "Lindinger Markus (GER)"]
[Black "Almaguer Claudia"]
[Result "1-0"]
[WhiteElo "2290"]
[BlackElo "1902"]

1.e4 c5 2.Nf3 Nc6 3.d4 cxd4 4.Nxd4 Nf6 5.Nc3 d6 6.Be2 e5 7.Nf3 h6 8.O-O Be7
9.h3 O-O 10.Re1 a6 11.Bf1 b5 12.a4 b4 13.Nd5 Nxd5 14.exd5 Nb8 15.a5 Nd7 16.Bd2
Rb8 17.Ra4 b3 18.cxb3 Nc5 19.Ra3 f5 20.b4 Ne4 21.Bc3 Qe8 22.Bc4 Qg6 23.Nxe5
dxe5 24.d6+ Kh8 25.dxe7 Re8 26.Bxe5 Rb7 27.Rxe4 fxe4 28.Rg3 Qxg3 29.Bxg3 Rbxe7
30.Qh5 Rf8 31.Bd6 Rf5 32.Qxf5 {#r} 1-0

[Event "Ch Germany (juniors) (under 20) (team)"]
[Site "masterchessopen.com – Erfurt (Germany)"]
[Round "5"]
[White "Wuerzburg Stephan"]
[Black "Lehmann Markus"]
[Result "0-1"]
[WhiteElo "1089"]
[BlackElo "1912"]

1.e4 c5 2.Nf3 Nc6 3.d4 cxd4 4.Nxd4 Nf6 5.Nc3 d6 6.Be2 e5 7.Nf3 Be7 8.O-O a6
9.Bg5 Be6 10.Qd2 b5 11.a3 O-O 12.Rfd1 Ne8 13.Bxe7 Qxe7 14.Nd5 Qa7 15.Nh4 Nd4
16.Ne3 Nf6 17.Bd3 Rfd8 18.Nhf5 Bxf5 19.Nxf5 Nxf5 20.exf5 d5 21.Be2 Rac8 22.g4
Ne4 23.Qe1 Rxc2 24.b4 f6 25.Rdc1 Rdc8 26.Rxc2 Rxc2 27.Rc1 Rxc1 28.Qxc1 Qxf2+
29.Kh1 h6 30.Qc8+ Kh7 31.Qe8 Qe1+ 32.Kg2 Qxe2+ 33.Kg1 Qxg4+ 34.Kf1 Qf3+ {#R}
0-1

[Event "Ch Finland (team) 1997/98"]
[Site "masterchessopen.com – Finland"]
[Round "6"]
[White "Rantala Jyrki (FIN)"]
[Black "Toikkanen Vesa (FIN)"]
[Result "0-1"]
[WhiteElo "2151"]
[BlackElo "2074"]

1.e4 c5 2.Nf3 d6 3.d4 cxd4 4.Nxd4 Nf6 5.Nc3 Nc6 6.Be2 e5 7.Nf3 h6 8.O-O Be7
9.Re1 O-O 10.h3 Be6 11.Bf1 Rc8 12.Nd5 Bxd5 13.exd5 Nb8 14.c4 Nh7 15.b4 b6
16.a4 Nd7 17.a5 f5 18.axb6 axb6 19.Ra7 Ra8 20.Rxa8 Qxa8 21.Nd4 Rf7 22.Nb5 Qf8
23.Nc7 Bh4 24.Ne6 Qe7 25.g3 Bg5 26.Nxg5 hxg5 27.Bb2 Nhf6 28.Qe2 g6 29.Ra1 Kh7
30.Ra7 Qf8 31.Bg2 f4 32.g4 {#R} 0-1

[Event "Bayern Landesliga North"]
[Site "masterchessopen.com – Germany"]
[Round "2"]
[White "Engelmann Wolfgang"]
[Black "Schindler Viktor (GER)"]
[Result "0-1"]
[WhiteElo "2165"]
[BlackElo "2168"]

1.Nf3 c5 2.e4 d6 3.d4 cxd4 4.Nxd4 Nf6 5.Nc3 Nc6 6.Be2 e5 7.Nf3 Be7 8.O-O O-O
9.Bg5 a6 10.Qd2 Be6 11.Rad1 Rc8 12.a3 Re8 13.Bxf6 Bxf6 14.Qxd6 Nd4 15.Qxd8
Rexd8 16.Bd3 Bg4 17.Nd5 Nxf3+ 18.gxf3 Bxf3 19.Nxf6+ gxf6 20.Rde1 Kh8 21.h4
Rg8+ 22.Kh2 Rg4 23.Rg1 Rxh4+ 24.Kg3 Rf4 25.Kh3 Rc6 26.Re3 f5 27.Rg5 fxe4
28.Bf1 Rh6+ 29.Kg3 f6 {#R} 0-1

[Event "Bundesliga 1998/99 (w)"]
[Site "masterchessopen.com – Germany"]
[Round "3"]
[White "Gempe Anet (GER)"]
[Black "Madl Ildiko (HUN)"]
[Result "0-1"]
[WhiteElo "2014"]
[BlackElo "2410"]

1.e4 c5 2.Nf3 d6 3.d4 cxd4 4.Nxd4 Nf6 5.Nc3 Nc6 6.Be2 e5 7.Nf3 h6 8.O-O Be7
9.Re1 O-O 10.h3 Be6 11.Bf1 Nb8 12.b3 Nbd7 13.Bb2 a6 14.a4 Qa5 15.Nd2 Nb6
16.Qf3 Rac8 17.Re3 Rfd8 18.Ba3 Nbd7 19.Nc4 Qc7 20.Rd1 Nb6 21.Nd5 Bxd5 22.exd5
e4 23.Qg3 Nbxd5 24.Ree1 b5 25.axb5 axb5 26.Nxd6 Rxd6 27.Bxd6 Bxd6 28.Qh4 Nc3
29.Ra1 Kh7 30.f4 Bxf4 {#R} 0-1

[Event "Ch Slovakia"]
[Site "masterchessopen.com – Prievidza (Slovakia)"]
[Round "4"]
[White "Kadlec Bohuslav (SVK)"]
[Black "Maiorov Nikita (BLR)"]
[Result "0-1"]
[WhiteElo "1905"]
[BlackElo "2085"]

1.e4 c5 2.Nf3 d6 3.d4 cxd4 4.Nxd4 Nf6 5.Nc3 Nc6 6.Be2 e5 7.Nf3 h6 8.h3 Be7
9.Be3 Be6 10.Qd2 O-O 11.Rd1 a6 12.O-O b5 13.a3 Rc8 14.Nh2 Na5 15.f4 Nc4
16.Bxc4 Rxc4 17.Qd3 Qc7 18.f5 Bc8 19.Ng4 Bb7 20.Nxh6+ gxh6 21.Bxh6 Kh7 22.Bxf8
Bxf8 23.Rde1 Qc5+ 24.Kh1 Bh6 25.Qg3 Nxe4 26.Nxe4 Rxe4 27.c3 Qc4 28.f6 Re3
29.Rxe3 Qxf1+ 30.Kh2 Bf4 31.Rf3 Bxf3 {#R} 0-1

[Event "It (open)"]
[Site "masterchessopen.com – Rio de Janeiro (Brazil)"]
[Round "7"]
[White "Blanco Cristobal J (VEN)"]
[Black "Sepulveda Jorge (CHI)"]
[Result "1-0"]
[WhiteElo "2385"]
[BlackElo "2204"]

1.e4 c5 2.Nf3 Nc6 3.d4 cxd4 4.Nxd4 Nf6 5.Nc3 d6 6.Be2 e5 7.Nf3 h6 8.O-O Be6
9.Re1 Be7 10.Bf1 O-O 11.Nd5 Bxd5 12.exd5 Nb8 13.c4 Nbd7 14.Nh4 Nxd5 15.Nf5
N5f6 16.Re3 Kh8 17.Rh3 Nc5 18.Bxh6 gxh6 19.Rxh6+ Kg8 20.Qf3 Ne8 21.Qg4+ Bg5
22.h4 Ne6 23.hxg5 Qxg5 24.Qh3 f6 25.Rg6+ {#r} 1-0

[Event "It (open)"]
[Site "masterchessopen.com – Utrecht (Netherlands)"]
[Round "0"]
[White "Smeets Jan (NED)"]
[Black "Mellegers Joost (NED)"]
[Result "1-0"]
[WhiteElo "2619"]
[BlackElo "2225"]

1.e4 c5 2.Nf3 Nc6 3.d4 cxd4 4.Nxd4 Nf6 5.Nc3 d6 6.Be2 e5 7.Nf3 h6 8.O-O Be7
9.Re1 O-O 10.h3 Be6 11.Bf1 Qd7 12.a3 Bd8 13.Nd5 Bxd5 14.exd5 Ne7 15.c4 a5
16.b3 Bb6 17.Bb2 Nf5 18.b4 axb4 19.axb4 e4 20.Bxf6 exf3 21.Qxf3 Rxa1 22.Bxa1
Nh4 23.Qg3 Ng6 24.c5 Bc7 25.Qc3 f6 26.c6 bxc6 27.Qxc6 Qd8 28.Bd4 Ne5 29.Qa6
Qa8 30.b5 Qxd5 31.Bxe5 fxe5 32.b6 Qc5 33.Qc4+ {#r} 1-0

[Event "Memorial Dr. Rey Ardid"]
[Site "masterchessopen.com – Zaragoza (Spain)"]
[Round "8"]
[White "Rivera Daniel (URU)"]
[Black "Baron Rodriguez Jorge (ESP)"]
[Result "0-1"]
[WhiteElo "2365"]
[BlackElo "2283"]

1.e4 c5 2.Nf3 d6 3.d4 cxd4 4.Nxd4 Nf6 5.Nc3 Nc6 6.Be2 e5 7.Nf3 Be7 8.O-O O-O
9.Bg5 Be6 10.Bxf6 Bxf6 11.Nd5 Bg5 12.c3 Bh6 13.a4 Kh8 14.Bc4 g6 15.Qe2 Rc8
16.Rfd1 Qd7 17.a5 f5 18.exf5 gxf5 19.a6 b6 20.Bb5 Qg7 21.Bxc6 Rxc6 22.Nb4 Rc4
23.Rxd6 Re4 24.Qb5 Bf7 25.Qd7 Rg4 26.g3 Be3 27.Kg2 Bc5 28.Rd2 e4 29.Nd4 f4
30.Nf5 Qg5 31.Nd6 Bg6 32.Rd5 Qh4 33.Nf5 Qf6 34.Nh6 fxg3 35.Qxg4 Qxf2+ 36.Kh1
Qxh2# 0-1

[Event "It (cat.8)"]
[Site "masterchessopen.com – Alushta (Ukraine)"]
[Round "2"]
[White "Yagupov Igor (RUS)"]
[Black "Sharapov Evgeny (UKR)"]
[Result "1-0"]
[WhiteElo "2449"]
[BlackElo "2385"]

1.e4 c5 2.Nf3 d6 3.d4 cxd4 4.Nxd4 Nf6 5.Nc3 Nc6 6.Be2 e5 7.Nf3 h6 8.O-O Be7
9.Re1 O-O 10.h3 Be6 11.Bf1 Rc8 12.Nd5 Bxd5 13.exd5 Nb4 14.c4 a5 15.a3 Na6
16.Rb1 Nd7 17.b4 Qc7 18.Nd4 Rfe8 19.Nf5 Bf8 20.Qg4 Kh8 21.Rb3 Qd8 22.Rg3 Nf6
23.Qh4 Nh7 24.Qh5 Qf6 25.c5 dxc5 26.d6 g6 27.Nxh6 Bxd6 28.Qd1 Rc7 29.Rf3 Qe6
30.Nxf7+ Rxf7 31.Rxf7 Qxf7 32.Qxd6 cxb4 33.Rxe5 Rf8 34.Be3 Nc7 35.Re7 {#r} 1-0

[Event "It (open)"]
[Site "masterchessopen.com – Bad Woerishofen (Germany)"]
[Round "1"]
[White "Belic Robert (GER)"]
[Black "Heinbuch Detlef (GER)"]
[Result "0-1"]
[WhiteElo "2196"]
[BlackElo "2394"]

1.e4 c5 2.Nf3 Nc6 3.d4 cxd4 4.Nxd4 Nf6 5.Nc3 d6 6.Be2 e5 7.Nf3 h6 8.h3 Be6
9.Be3 Be7 10.Qd2 a6 11.g4 Rc8 12.g5 hxg5 13.Nxg5 Na5 14.Nxe6 fxe6 15.O-O-O Nc4
16.Bxc4 Rxc4 17.Rdg1 Rh7 18.Qe2 Qc7 19.Qf3 Rxc3 20.bxc3 Qxc3 21.Qg2 d5 22.Kd1
Qa1+ 23.Ke2 Qxa2 24.Qg6+ Kf8 25.exd5 exd5 26.Bg5 e4 27.Rc1 Qc4+ 28.Kd1 Qd4+
29.Ke2 Qc4+ 30.Kd1 Rxh3 31.Rg1 Qd4+ 32.Ke2 Bc5 33.Rcf1 Rf3 34.Bh4 Qc4+ 35.Kd1
Rd3+ {#R} 0-1

[Event "Ch Belgium (team) 1998/99"]
[Site "masterchessopen.com – Belgium"]
[Round "6"]
[White "Bolzoni Victor Angel (BEL)"]
[Black "Winants Luc (BEL)"]
[Result "0-1"]
[WhiteElo "2250"]
[BlackElo "2514"]

1.e4 c5 2.Nf3 d6 3.d4 cxd4 4.Nxd4 Nf6 5.Nc3 Nc6 6.Be2 e5 7.Nf3 h6 8.O-O Be7
9.b3 O-O 10.Bb2 a6 11.Qd2 b5 12.Rfd1 Be6 13.Qe3 Qb8 14.Bf1 Bd8 15.Qd3 Bb6
16.h3 Qa7 17.Rd2 Rad8 18.a4 b4 19.Nd1 a5 20.Qb5 Ne7 21.Re2 Ng6 22.Re1 Rc8
23.Rc1 Rc5 24.Qd3 Nf4 25.Qd2 Rfc8 26.Kh2 Qb7 27.Bd3 R8c7 28.Ne3 Nxd3 29.Qxd3
Nxe4 30.Re2 Nc3 {#R} 0-1

[Event "It (open)"]
[Site "masterchessopen.com – Bizovac (Croatia)"]
[Round "2"]
[White "Zelcic Robert (CRO)"]
[Black "Jovanovic Zoran (CRO)"]
[Result "1-0"]
[WhiteElo "2561"]
[BlackElo "2310"]

1.e4 c5 2.Nf3 d6 3.d4 cxd4 4.Nxd4 Nf6 5.Nc3 Nc6 6.Be2 e5 7.Nf3 h6 8.O-O Be7
9.Re1 O-O 10.b3 Bg4 11.Nd2 Be6 12.Bb2 Rc8 13.a4 Nd4 14.Bd3 Qc7 15.Nb5 Nxb5
16.axb5 Ra8 17.Nf1 Nd7 18.c4 a6 19.bxa6 bxa6 20.Ne3 Qb7 21.Bc3 Nc5 22.Bc2 Rfc8
23.Nd5 Bf8 24.Re3 Rcb8 25.Rg3 g6 26.Nf6+ Kg7 27.b4 Nd7 28.Nxd7 Bxd7 29.c5 f6
30.Bb3 dxc5 31.Bd5 Qc7 32.Bxa8 Rxa8 33.bxc5 Bxc5 34.Bd2 Bb5 35.Rc3 Rd8 36.Rxc5
{#r} 1-0

[Event "It (b)"]
[Site "masterchessopen.com – Budapest (Hungary)"]
[Round "4"]
[White "Hegedus Istvan (HUN)"]
[Black "Balogh Csaba (HUN)"]
[Result "0-1"]
[WhiteElo "2080"]
[BlackElo "2235"]

1.e4 c5 2.Nf3 d6 3.d4 cxd4 4.Nxd4 Nf6 5.Nc3 Nc6 6.Be2 e5 7.Nf3 h6 8.O-O Be7
9.Re1 O-O 10.h3 Be6 11.Bf1 Nb8 12.Nh2 Nbd7 13.Ng4 Nxg4 14.hxg4 Qb6 15.a4 a6
16.a5 Qc7 17.Be3 Rac8 18.g3 Bg5 19.f4 exf4 20.gxf4 Bh4 21.f5 Bxe1 22.fxe6 Ne5
23.Nd5 Qxc2 24.Ne7+ Kh8 25.Nxc8 Qxe4 26.Bb6 Nf3+ 27.Qxf3 Qxf3 28.Bg2 Qg3 29.e7
Rxc8 30.Bd8 Bf2+ 31.Kf1 Qe3 32.Bxb7 Rc2 33.Bf3 Qd3+ {#R} 0-1

[Event "It (open)"]
[Site "masterchessopen.com – Griesheim (Germany)"]
[Round "3"]
[White "Lobzhanidze Davit (GEO)"]
[Black "Feicht Arno (GER)"]
[Result "1-0"]
[WhiteElo "2444"]
[BlackElo "2166"]

1.e4 c5 2.Nf3 Nc6 3.d4 cxd4 4.Nxd4 Nf6 5.Nc3 d6 6.Be2 e5 7.Nf3 h6 8.O-O Be7
9.Re1 O-O 10.h3 Be6 11.Bf1 Nb8 12.b3 a6 13.a4 Qc7 14.Bb2 Nbd7 15.Nd2 Rac8
16.Nc4 Nxe4 17.Rxe4 d5 18.Nxd5 Bxd5 19.Qxd5 Nf6 20.Qxe5 Qc6 21.Ree1 Rfe8
22.Qf5 b5 23.axb5 axb5 24.Ne3 Bb4 25.Bxb5 {#r} 1-0

[Event "Cup Yugoslavia (team)"]
[Site "masterchessopen.com – Herceg Novi (Montenegro)"]
[Round "0"]
[White "Savanovic Aleksandar (BIH)"]
[Black "Perisic Radivoj (SRB)"]
[Result "0-1"]
[WhiteElo "2421"]
[BlackElo "2272"]

1.e4 c5 2.Nf3 d6 3.d4 cxd4 4.Nxd4 Nf6 5.Nc3 Nc6 6.Be2 e5 7.Nf3 h6 8.O-O Be7
9.Re1 a6 10.b3 O-O 11.Bb2 Be6 12.Bf1 Nb8 13.a4 Qc7 14.Nd2 Nbd7 15.Nc4 Nc5
16.Nd5 Bxd5 17.exd5 b5 18.axb5 axb5 19.Ne3 Qb7 20.f4 Rxa1 21.Bxa1 exf4 22.Nf5
Bd8 23.Nxh6+ gxh6 24.Qf3 Qxd5 25.Qxf4 Bb6 26.Qg3+ Qg5 27.Qxd6 Ncd7+ 28.Kh1 Ng4
29.g3 Qf5 30.h3 {#R} 0-1

[Event "It (open)"]
[Site "masterchessopen.com – Jesenik (Czech Republic)"]
[Round "0"]
[White "Siekaniec Jan (POL)"]
[Black "Cvek Robert (CZE)"]
[Result "0-1"]
[WhiteElo "2212"]
[BlackElo "2444"]

1.e4 c5 2.Nf3 Nc6 3.d4 cxd4 4.Nxd4 Nf6 5.Nc3 d6 6.Be2 e5 7.Nf3 h6 8.O-O Be7
9.h3 O-O 10.Re1 Be6 11.Bf1 Nb8 12.b3 a6 13.Nd5 Bxd5 14.exd5 Nbd7 15.c4 Nh7
16.Rb1 a5 17.a3 b6 18.b4 Ng5 19.Bxg5 Bxg5 20.c5 bxc5 21.bxc5 Nxc5 22.Rb5 e4
23.Nd4 Qf6 24.Nb3 e3 25.fxe3 Bh4 26.Re2 Ne4 27.Qc2 Nc3 28.Rxa5 Nxe2+ 29.Qxe2
Qc3 30.Rxa8 Rxa8 31.Nd4 Bg5 32.Nf5 Rxa3 33.Qb5 Bxe3+ 34.Kh1 Qe5 35.Qd7 Qf4
{#R} 0-1

[Event "Ch Slovenia (team) (juniors) (under 18)"]
[Site "masterchessopen.com – Kranj (Slovenia)"]
[Round "0"]
[White "Zvan Ziga (SLO)"]
[Black "Gomboc Miha (SLO)"]
[Result "1-0"]
[WhiteElo "2091"]
[BlackElo "2117"]

1.e4 c5 2.Nf3 d6 3.d4 cxd4 4.Nxd4 Nf6 5.Nc3 Nc6 6.Be2 e5 7.Nf3 h6 8.h3 Be7
9.O-O Be6 10.Re1 O-O 11.Bf1 Nb8 12.a4 Nbd7 13.a5 Qc7 14.Be3 Nc5 15.Nd5 Nxd5
16.exd5 Bf5 17.Bxc5 Qxc5 18.c4 Bg6 19.Qa4 e4 20.b4 Qc7 21.Nd4 Bf6 22.Rad1 Be5
23.Qb3 Qe7 24.Nb5 a6 25.Nc3 f5 26.c5 Kh7 27.Na4 f4 28.f3 exf3 29.Qxf3 Qf7
30.Bd3 Bxd3 31.Rxd3 Rad8 32.Kh1 Qd7 33.c6 bxc6 34.dxc6 Qe6 35.Nb6 {#r} 1-0

[Event "Ch Poland (team) (2nd liga)"]
[Site "masterchessopen.com – Polanica Zdroj (Poland)"]
[Round "6"]
[White "Jalowiec Halina (POL)"]
[Black "Skrochocka Justyna (POL)"]
[Result "1-0"]
[WhiteElo "2166"]
[BlackElo "2035"]

1.e4 c5 2.Nf3 Nc6 3.d4 cxd4 4.Nxd4 Nf6 5.Nc3 d6 6.Be2 e5 7.Nf3 h6 8.O-O Be7
9.Re1 O-O 10.Bc4 Bg4 11.h3 Bxf3 12.Qxf3 Nd4 13.Qd3 Rc8 14.b3 a6 15.a4 Qd7
16.Be3 Ne6 17.Qd2 Nc5 18.f3 Bd8 19.Nd5 Nxd5 20.Bxd5 Kh8 {#r} 1-0

[Event "Ch Poland (team) (2nd liga)"]
[Site "masterchessopen.com – Polanica Zdroj (Poland)"]
[Round "4"]
[White "Janocha Wieslaw (POL)"]
[Black "Wilk Bartlomiej (POL)"]
[Result "1-0"]
[WhiteElo "2337"]
[BlackElo "2185"]

1.e4 c5 2.Nf3 d6 3.d4 cxd4 4.Nxd4 Nf6 5.Nc3 Nc6 6.Be2 e5 7.Nf3 h6 8.O-O Be7
9.Re1 O-O 10.h3 Be6 11.Bf1 Rc8 12.Nd5 Bxd5 13.exd5 Nb8 14.c4 Nbd7 15.Be3 Nh7
16.b4 f5 17.Rc1 Ng5 18.c5 f4 19.cxd6 Rxc1 20.dxe7 Rxd1 {#r} 1-0

[Event "It (cat.10)"]
[Site "masterchessopen.com – Qingdao (China)"]
[Round "7"]
[White "Wang Shuo (CHN)"]
[Black "Bu Xiangzhi (CHN)"]
[Result "0-1"]
[WhiteElo "2411"]
[BlackElo "2465"]

1.e4 c5 2.Nf3 Nc6 3.d4 cxd4 4.Nxd4 Nf6 5.Nc3 d6 6.Be2 e5 7.Nf3 h6 8.O-O Be6
9.Nd2 Be7 10.Bc4 O-O 11.Nd5 Bxd5 12.Bxd5 Nxd5 13.exd5 Nb4 14.Ne4 f5 15.Ng3 a5
16.a3 Na6 17.c4 Nc5 18.Bd2 f4 19.Ne2 f3 20.gxf3 Rxf3 21.Ng3 Qf8 22.Be3 Nd7
23.b4 axb4 24.axb4 Rxa1 25.Qxa1 Qc8 26.Qc1 Nf6 27.Qd1 e4 28.Qe2 Qh3 {#R} 0-1

[Event "Cup NRW"]
[Site "masterchessopen.com – Senden (Germany)"]
[Round "3"]
[White "Mainka Romuald (GER)"]
[Black "Breder Dennis (GER)"]
[Result "1-0"]
[WhiteElo "2476"]
[BlackElo "2256"]

1.e4 c5 2.Nf3 d6 3.d4 Nf6 4.Nc3 cxd4 5.Nxd4 Nc6 6.Be2 e5 7.Nf3 h6 8.O-O Be7
9.Re1 O-O 10.h3 Be6 11.Bf1 Qa5 12.Bd2 Qd8 13.Bc1 Qa5 14.a3 a6 15.Rb1 Rac8
16.b4 Qc7 17.Nd5 Bxd5 18.exd5 Na7 19.c4 b5 20.Nd2 bxc4 21.Nxc4 Nb5 22.Bb2 Qb7
23.Ne3 Rfe8 24.Qd3 e4 25.Qb3 Nd7 26.Nf5 Bf8 27.Bxg7 {#r} 1-0

[Event "Ch Yugoslavia (team)"]
[Site "masterchessopen.com – Vrnjacka Banja (Serbia)"]
[Round "0"]
[White "Cabrilo Goran (SRB)"]
[Black "Indjic Dusan (SRB)"]
[Result "1-0"]
[WhiteElo "2466"]
[BlackElo "2315"]

1.e4 c5 2.Nf3 Nc6 3.d4 cxd4 4.Nxd4 Nf6 5.Nc3 d6 6.Be2 e5 7.Nf3 h6 8.O-O Be7
9.Re1 Be6 10.Bf1 O-O 11.Nd5 Bxd5 12.exd5 Nb8 13.c4 Nbd7 14.Rb1 Nh7 15.b4 b6
16.Nd2 f5 17.Nb3 f4 18.c5 bxc5 19.bxc5 dxc5 20.d6 Bh4 21.Ba3 Rc8 22.Ba6 f3
23.g3 Bg5 24.Qd3 Kh8 25.Bxc8 Qxc8 26.Na5 Nb6 27.Rbd1 c4 28.Qf1 Qe6 29.d7 Rd8
30.Nb7 Rxd7 31.Nc5 Qe7 32.Nxd7 Qxa3 33.Nxb6 axb6 34.Qxc4 Nf6 35.h4 Bxh4
36.Qxh4 {#r} 1-0

[Event "Ch Mittelfranken (QT)"]
[Site "masterchessopen.com – Ansbach (Germany)"]
[Round "4"]
[White "Gawlas Gunder"]
[Black "Holzschuh Tobias"]
[Result "1-0"]
[WhiteElo "1618"]
[BlackElo "1563"]

1.e4 c5 2.Nf3 d6 3.Nc3 Nc6 4.d4 cxd4 5.Nxd4 Nf6 6.Be2 e5 7.Nf3 Be7 8.O-O O-O
9.h3 Be6 10.Be3 d5 11.exd5 Nxd5 12.Nxd5 Bxd5 13.c3 Bf6 14.Nh2 Ne7 15.Ng4 Qd6
16.c4 Qe6 17.Nxf6+ gxf6 18.cxd5 Nxd5 19.Qb3 Rfd8 20.Bc4 Qc6 21.Rac1 b6 22.Rfd1
{#r} 1-0

[Event "It (open)"]
[Site "masterchessopen.com – Bad Zwesten (Germany)"]
[Round "4"]
[White "Koglin Anke (GER)"]
[Black "Marth Juergen (GER)"]
[Result "1-0"]
[WhiteElo "2302"]
[BlackElo "2066"]

1.e4 c5 2.Nf3 Nc6 3.d4 cxd4 4.Nxd4 Nf6 5.Nc3 d6 6.Be2 e5 7.Nf3 h6 8.O-O Be6
9.Re1 Be7 10.h3 O-O 11.Bf1 Rc8 12.Nd5 Re8 13.Nxe7+ Qxe7 14.c4 Na5 15.b3 b6
16.Ba3 Nb7 17.Nxe5 Bxh3 18.Nf3 Bg4 19.e5 Nd7 20.exd6 Qf6 21.Qd5 Bxf3 22.Qxf3
Qxf3 23.gxf3 Rxe1 24.Rxe1 Ndc5 25.Bh3 Rd8 26.d7 Ne6 27.Rxe6 fxe6 28.Bxe6+ Kh7
29.Be7 Rh8 30.Bd5 Nd8 31.b4 {#r} 1-0

[Event "Ch Azerbaijan (team) (active)"]
[Site "masterchessopen.com – Baku (Azerbaijan)"]
[Round "0"]
[White "Babaev Rashad (AZE)"]
[Black "Mamedov Nidjat (AZE)"]
[Result "1-0"]
[WhiteElo "2322"]
[BlackElo "2403"]

1.e4 c5 2.Nf3 d6 3.d4 cxd4 4.Nxd4 Nf6 5.Nc3 Nc6 6.Be2 e5 7.Nf3 h6 8.O-O Be7
9.Re1 O-O 10.h3 a6 11.a4 b6 12.Bf1 Nb4 13.b3 Bb7 14.Bb2 Rc8 15.Nd2 Nc6 16.Nc4
Nd4 17.Bd3 b5 18.axb5 axb5 19.Ne3 b4 20.Ncd5 Nxd5 21.Nxd5 Bxd5 22.exd5 Bg5
23.Ra6 Rc5 24.Bxd4 exd4 25.Qf3 Bf6 26.g3 Be5 27.Rxe5 dxe5 28.Qf5 Re8 29.Qh7+
Kf8 30.Qh8+ Ke7 31.Qxg7 e4 32.Bxe4 Kd7 33.Qxf7+ Re7 34.Bf5+ Kc7 {#r} 1-0

[Event "Cup Baku (b)"]
[Site "masterchessopen.com – Baku (Azerbaijan)"]
[Round "0"]
[White "Gouliev Namig (AZE)"]
[Black "Manafov Ilkin (AZE)"]
[Result "1-0"]
[WhiteElo "2345"]
[BlackElo "2128"]

1.e4 c5 2.Nf3 d6 3.d4 cxd4 4.Nxd4 Nf6 5.Nc3 Nc6 6.Be2 e5 7.Nf3 h6 8.O-O Be6
9.Re1 Be7 10.Bf1 O-O 11.h3 Rc8 12.Nd5 Bxd5 13.exd5 Nb4 14.c4 a5 15.a3 Na6
16.Be3 Nd7 17.Rb1 Nb6 18.Nd2 Bg5 19.b4 Bxe3 20.Rxe3 Qd7 21.Rg3 f5 22.c5 f4
23.Rg6 Nxd5 24.Rxd6 {#r} 1-0

[Event "It (open)"]
[Site "masterchessopen.com – Biel (Switzerland)"]
[Round "2"]
[White "Volokitin Andrei (UKR)"]
[Black "Avrukh Boris (ISR)"]
[Result "0-1"]
[WhiteElo "2447"]
[BlackElo "2625"]

1.e4 c5 2.Nf3 d6 3.d4 cxd4 4.Nxd4 Nf6 5.Nc3 Nc6 6.Be2 e5 7.Nf3 h6 8.O-O Be7
9.Re1 O-O 10.h3 a6 11.Bf1 Qc7 12.Nh2 Bd8 13.Ng4 Nxg4 14.hxg4 Be6 15.Be3 Qd7
16.f3 Ba5 17.Re2 Ne7 18.Rd2 Rfd8 19.Qe2 d5 20.exd5 Nxd5 21.Qf2 Bxc3 22.bxc3
Qc7 23.Rad1 Qxc3 24.Rd3 Qc7 25.Bc5 Rac8 26.c4 Qxc5 27.cxd5 Rxd5 28.Rxd5 Bxd5
29.Qxc5 Rxc5 30.a3 Kf8 {#R} 0-1

[Event "It (open)"]
[Site "masterchessopen.com – Bled (Slovenia)"]
[Round "3"]
[White "Sibarevic Milenko (BIH)"]
[Black "Gomboc Miha (SLO)"]
[Result "1-0"]
[WhiteElo "2335"]
[BlackElo "2185"]

1.e4 c5 2.Nf3 d6 3.d4 cxd4 4.Nxd4 Nf6 5.Nc3 Nc6 6.Be2 e5 7.Nf3 Be7 8.O-O O-O
9.h3 Be6 10.Bg5 Ne8 11.Qd2 h6 12.Be3 Nf6 13.Rfd1 Qb8 14.Nh2 d5 15.Nxd5 Nxe4
16.Nxe7+ Nxe7 17.Qb4 {#r} 1-0

[Event "It (cat.7)"]
[Site "masterchessopen.com – Bucharest (Romania)"]
[Round "8"]
[White "Vukovic Zdravko (MNE)"]
[Black "Murariu Andrei (ROM)"]
[Result "1-0"]
[WhiteElo "2471"]
[BlackElo "2299"]

1.e4 c5 2.Nf3 d6 3.d4 cxd4 4.Nxd4 Nf6 5.Nc3 Nc6 6.Be2 e5 7.Nf3 h6 8.O-O Be7
9.Re1 O-O 10.h3 Be6 11.Bf1 Nb8 12.b3 Nbd7 13.a4 a6 14.Bb2 Rc8 15.a5 Re8 16.Nd2
Qc7 17.Nc4 Qc6 18.Qf3 d5 19.exd5 Nxd5 20.Nxd5 Bxd5 21.Qg3 Bf6 22.Rad1 Bxc4
23.Bxc4 Rcd8 24.Rd5 e4 25.Rd6 Qc7 26.Bxf7+ Kh8 27.Rxf6 {#r} 1-0

[Event "It (open)"]
[Site "masterchessopen.com – Calcutta (India)"]
[Round "10"]
[White "Ramesh RB (IND)"]
[Black "Aarthie Ramaswamy (IND)"]
[Result "0-1"]
[WhiteElo "2443"]
[BlackElo "2319"]

1.e4 c5 2.Nf3 Nc6 3.d4 cxd4 4.Nxd4 Nf6 5.Nc3 d6 6.Be2 e5 7.Nf3 h6 8.O-O Be7
9.Re1 O-O 10.h3 Be6 11.Bf1 Nb8 12.b3 Nbd7 13.a4 a6 14.a5 Qc7 15.Nd5 Nxd5
16.exd5 Bf5 17.c4 Bg6 18.b4 Rfe8 19.Bd2 e4 20.Nd4 Bf6 21.Bf4 Ne5 22.Rc1 Nd3
23.Bxd3 exd3 24.Nf3 Bb2 25.Rb1 Qxc4 26.Rxb2 Qxf4 27.Qd2 Qc4 28.Re3 Qxd5 {#R}
0-1

[Event "It"]
[Site "masterchessopen.com – Cannes (France)"]
[Round "1"]
[White "Nisipeanu Liviu-Dieter (ROM)"]
[Black "Marino Olivier (FRA)"]
[Result "1-0"]
[WhiteElo "2592"]
[BlackElo "2067"]

1.e4 c5 2.Nf3 d6 3.d4 cxd4 4.Nxd4 Nf6 5.Nc3 Nc6 6.Be2 e5 7.Nf3 Be7 8.O-O O-O
9.Re1 h6 10.h3 Be6 11.Bf1 Rc8 12.Nd5 Bxd5 13.exd5 Nb8 14.c4 Nfd7 15.b4 Nb6
16.Qb3 Qc7 17.c5 dxc5 18.Nxe5 c4 19.Qg3 Bxb4 20.Re4 f5 21.Rh4 Bd6 22.Bf4 Rf6
23.Bxc4 Nxc4 24.Nxc4 Bxf4 25.Rxf4 g5 26.d6 Qf7 27.Ne5 Qe6 28.Rd4 Nd7 29.Nxd7
Qxd7 30.Re1 Re6 31.Rxe6 Qxe6 32.d7 Rd8 33.Qc7 Qe7 34.Rd1 a6 35.Qxb7 Qe2
36.Qd5+ Kg7 {#r} 1-0